| 000 | 00847nam a2200241 a 4500 | ||
|---|---|---|---|
| 001 | BRCA_3525 | ||
| 005 | 20190320204324.0 | ||
| 008 | 260709s1866----u--a---###---#000-0#eng-# | ||
| 041 | _aeng | ||
| 044 | _au | ||
| 050 | 4 |
_aF1233 _b.M47 1866 |
|
| 245 | 1 | 0 | _aMessage of the President of the United States, of January 29, 1867, relating to the present condition of Mexico, in answer to a resolution of the House of December 4, 1866. |
| 260 |
_aWashington _bGovernment Printing Office _c1867 |
||
| 300 |
_a753 p. _bil. _c23 cm. |
||
| 440 | 0 |
_aE. U. House of Representatives 39 th Congress _v76 _99157 |
|
| 500 | _aIncluye índice alfabético | ||
| 500 | _aB129. | ||
| 651 | 4 |
_aMéxico _xRelaciones exteriores _99158 |
|
| 651 | 4 |
_aMéxico _xHistoria _9614 |
|
| 651 | 4 |
_aEstados Unidos _xRelaciones exteriores _98040 |
|
| 902 | _aGFM | ||
| 942 |
_2lcc _cB |
||
| 999 |
_c3260 _d3260 |
||